[Event "Josef Kupper Memorial 2019"]
[Site "Zurich"]
[Date "2019.08.15"]
[Round "2.2"]
[White "Tan, Justin"]
[Black "Kovalenko, Igor"]
[Result "0-1"]
[WhiteElo "2503"]
[BlackElo "2654"]
[Annotator "TA"]
[PlyCount "78"]
[EventDate "2019.08.14"]
[EventType "swiss"]
[EventCountry "SUI"]
[SourceTitle "playchess.com"]
[Source "ChessBase"]
[SourceQuality "1"]

{[%evp 9,110,32,48,35,30,29,64,16,37,31,37,0,9,14,30,7,17,0,1,0,17,-14,-6,-13,0,0,9,-8,12,0,-10,-8,-3,-16,-1,-22,0,-9,0,-6,0,0,0,0,23,11,12,-5,0,-8,-31,-65,0,0,0,0,-11,-273,-265,-275,-265,-273,-253,-223,-150,-164,-118,-133,-139,-151,-151,-151,-151,-170,-190,-235,-228,-193,-162,-172,-171,-548,-540,-546,-546,-533,-500,-559,-559,-552,-552,-552,-551,-544,-544,-528,-454,-638,-638,-619,-610,-635,-594]} 1. e4 c6 2. Nf3 d5 3. Nc3 dxe4 4. Nxe4 Nf6 5. Qe2 Na6 6. d4 {B11: Caro-Kann: Two Knights Variation} Qd5 7. Nc3 Qh5 $146 ({Predecessor:} 7... Qa5 8. Ne5 Nb4 9. a3 Be6 10. Rb1 Nbd5 11. b4 Qb6 12. Na4 Qxd4 13. Bb2 {½-½ (35) Ragger,M (2701)-Nisipeanu,L (2674) Austria 2018}) 8. Bf4 {White is slightly better.} Bg4 9. O-O-O Nb4 10. a3 Nbd5 11. Nxd5 Qxd5 12. Kb1 b5 13. Qe5 e6 14. Be2 Qxe5 15. dxe5 (15. Bxe5 {with more complications.} h5 16. Rhe1 Nd5 17. Rc1 f6 18. Bg3) 15... Nd5 16. Bc1 Bc5 17. Rhf1 Rb8 18. h3 Bh5 19. Nd4 Bxe2 20. Nxe2 O-O 21. Rd3 Rfc8 22. Bd2 Be7 23. Rc1 Nb6 24. Rd1 c5 25. Ba5 Nc4 26. Rd7 {Black must now prevent Bc7.} Bh4 27. Rxa7 Bxf2 28. Rf1 Ra8 29. Rxa8 Rxa8 30. Bc3 {[#]} Bd4 $1 {[%mdl 512]} 31. Rf4 $11 (31. Bxd4 Nd2+) 31... g5 32. Rg4 $1 {[%cal Rg4g5]} Be3 $36 {[%mdl 2048] Black has good play.} 33. Ng3 $2 {[%mdl 8192]} (33. Be1 $11) 33... Bf4 $1 $19 34. Ne4 Ne3 35. g3 Nxg4 36. gxf4 {[%mdl 4096] Endgame KRN-KBN} Ne3 ({Not} 36... gxf4 37. hxg4 Ra4 38. Nf6+ Kg7 39. Kc1 $11) 37. fxg5 Rc8 38. Nd6 {[#]} Rb8 $1 39. Bd2 Nf5 {Played: Ne3-c4} 0-1

[Event "Josef Kupper Memorial 2019"]
[Site "Zurich"]
[Date "2019.08.15"]
[Round "2.3"]
[White "Iturrizaga Bonelli, Eduardo"]
[Black "Harsha Bharathakoti"]
[Result "1-0"]
[WhiteElo "2635"]
[BlackElo "2489"]
[Annotator "TA"]
[PlyCount "81"]
[EventDate "2019.08.14"]
[EventType "swiss"]
[EventCountry "SUI"]
[SourceTitle "playchess.com"]
[Source "ChessBase"]
[SourceQuality "1"]

{[%evp 14,81,46,40,53,42,31,32,42,34,38,32,43,35,35,39,40,43,38,19,37,27,44,35,57,53,60,66,54,54,55,62,65,63,65,61,64,54,67,52,76,85,103,105,145,142,113,104,105,106,102,94,122,80,145,81,82,82,316,322,626,626,626,619,948,461,29988,29989,29991,29992]} 1. c4 Nf6 2. Nc3 g6 3. e4 d6 4. d4 Bg7 5. h3 O-O 6. Be3 c5 7. Nf3 cxd4 8. Nxd4 b6 $146 {E90: King's Indian: Classical: Early deviations and 6 h3} (8... Nc6 9. Be2 Bd7 10. O-O Nxd4 11. Bxd4 Bc6 12. Qc2 a5 13. Rad1 Nd7 14. Bxg7 Kxg7 15. Bg4 Ne5 16. c5 Nxg4 17. hxg4 Qc8 18. cxd6 Qxg4 19. dxe7 Rfe8 {1-0 (43) Cheparinov,I (2711)-Amin,B (2709) Zagreb 2018}) 9. g4 Bb7 10. Bg2 Nc6 {White is slightly better.} 11. Nxc6 Bxc6 12. O-O Qd7 13. Rc1 Rac8 14. Qd3 Qb7 15. b4 {[%cal Bb2b4,Bb4b5][%mdl 32] Strongly threatening b5.} Qa8 16. Nd5 Rfe8 17. Bg5 h6 18. Bh4 Bxd5 19. exd5 a5 20. b5 $1 Rc7 21. f4 Qc8 22. Rfe1 Nd7 23. Bf2 Nc5 24. Qc2 Qd7 25. Bf3 Rec8 26. Be3 Qd8 27. Kg2 Nd7 28. Qe2 Bf6 29. g5 hxg5 30. fxg5 Bg7 31. Bg4 Rb8 32. h4 Ne5 33. Bh3 Qe8 (33... e6 $142) 34. h5 ({Better is} 34. Red1) 34... gxh5 $16 35. Qxh5 Rbc8 $2 {[#]} ({But not} 35... Rxc4 $2 36. g6 $1 $18 {[%mdl 512]}) (35... e6 $16 {was necessary.}) 36. Rf1 $1 $18 ({Not} 36. Bxb6 Rxc4 37. Bxc8 Qxc8 $15) 36... Rxc4 $2 (36... e6 37. Bxb6 Rxc4 38. Rxc4 Rxc4) 37. Rxc4 ({And not} 37. Bxc8 Qxc8 38. Kg1 Rxc1 $11) 37... Rxc4 {[#]} 38. Be6 $1 {[%mdl 576] Pin} Rc2+ (38... fxe6 39. Qxe8+) 39. Kg1 (39. Kh1 $142 {White wants to mate with g6.} Rc4 40. g6 Rh4+ 41. Qxh4 Nxg6 42. Qh5 fxe6 43. Rg1) 39... Rc3 (39... Kf8 $18 40. Bxf7 Nxf7) 40. g6 Qxb5 41. gxf7+ {Accuracy: White = 75%, Black = 40%.} 1-0

[Event "Josef Kupper Memorial 2019"]
[Site "Zurich"]
[Date "2019.08.15"]
[Round "2.4"]
[White "Arjun Kalyan"]
[Black "Bauer, Christian"]
[Result "1-0"]
[WhiteElo "2482"]
[BlackElo "2626"]
[Annotator "TA"]
[PlyCount "87"]
[EventDate "2019.08.14"]
[EventType "swiss"]
[EventCountry "SUI"]
[SourceTitle "playchess.com"]
[Source "ChessBase"]
[SourceQuality "1"]

{[%evp 9,87,46,51,43,59,61,54,46,52,27,35,41,32,36,38,26,24,17,21,20,45,19,56,45,44,59,59,64,52,40,60,18,25,7,11,0,0,0,0,4,30,29,47,52,97,87,64,56,69,70,92,59,160,181,294,293,290,274,351,320,493,497,618,612,573,560,676,504,837,447,413,434,381,360,756,704,29979,29980,29980,29976]} 1. e4 Nc6 2. Nf3 d6 3. d4 Nf6 4. d5 Nb8 {[%cal Bc6b8,Bb8d7,Bd7e5,Be5d3][%mdl 32]} 5. Bd3 (5. Nc3 g6 6. Be2 Bg7 7. O-O O-O 8. Re1 c6 9. Bf4 b5 10. a3 a6 11. Qd2 Bb7 12. Rad1 Nbd7 13. dxc6 Bxc6 14. e5 dxe5 15. Nxe5 Nxe5 16. Bxe5 Qxd2 17. Rxd2 {½-½ (48) Anand,V (2782)-Carlsen,M (2837) Riadh 2017}) 5... Bg4 6. Be3 {B00: Queen's Fianchetto Defence, Nimzowitsch Defence} c6 $146 ({Predecessor:} 6... Nbd7 7. Nbd2 e5 8. dxe6 fxe6 9. c3 Ne5 10. Be2 Nxf3+ 11. Bxf3 Bxf3 12. Qxf3 Be7 {1-0 (44) Vermeulen,H (1494)-Peeters,J (1685) Limburg 2004}) 7. c4 Nbd7 8. Nbd2 {White is slightly better.} Ne5 9. Qe2 g6 10. h3 Nxd3+ 11. Qxd3 Bd7 12. Nd4 Bg7 13. f4 O-O 14. O-O Qb8 15. Rae1 c5 16. N4f3 b5 17. b3 a5 18. g4 a4 19. e5 Ne8 20. Bf2 axb3 21. axb3 Ra3 {Hoping for ...bxc4.} 22. Qe2 bxc4 23. bxc4 f5 24. g5 Qa8 25. Rb1 Qa6 26. Rfe1 Qc8 27. Rb6 Ra6 28. Reb1 {[#] Black must now prevent Rb8.} Rxb6 $1 29. Rxb6 Qd8 30. Ra6 Nc7 (30... Qb8 $14) 31. exd6 $16 exd6 (31... Nxa6 $142 32. dxe7 Qe8) 32. Rxd6 $18 Re8 33. Qd3 Qc8 34. Qa3 (34. Bxc5 Ne6 $14) 34... Rd8 (34... Bf8 $142) 35. Bxc5 Bf8 36. Rf6 Bg7 37. Ne5 Be6 38. Be7 Re8 (38... Qa8 $142 39. Qxa8 Rxa8) 39. dxe6 Nxe6 40. Bd6 Nxf4 {intending ...Qb7.} 41. Qf3 Ne6 $2 {[#]} (41... Bxf6 42. gxf6 Rxe5) 42. Qd5 h6 43. Rxg6 hxg5 44. Ndf3 {Accuracy: White = 56%, Black = 39%.} 1-0

[Event "Josef Kupper Memorial 2019"]
[Site "Zurich"]
[Date "2019.08.15"]
[Round "2.5"]
[White "Van Foreest, Jorden"]
[Black "Karthik Venkataraman"]
[Result "1/2-1/2"]
[WhiteElo "2626"]
[BlackElo "2462"]
[Annotator "TA"]
[PlyCount "73"]
[EventDate "2019.08.14"]
[EventType "swiss"]
[EventCountry "SUI"]
[SourceTitle "playchess.com"]
[Source "ChessBase"]
[SourceQuality "1"]

{[%evp 17,73,41,46,19,40,18,17,21,19,40,26,18,41,38,38,29,31,41,92,82,110,125,160,143,159,143,173,125,115,122,124,28,23,39,31,27,26,28,27,27,29,27,28,20,24,8,8,8,8,8,8,8,8,0,0,0,0,0]} 1. e4 e6 2. d4 d5 3. Nc3 Bb4 4. e5 c5 5. a3 Bxc3+ 6. bxc3 Ne7 7. Qg4 cxd4 8. Qxg7 Rg8 9. Qxh7 Qc7 10. Qd3 $146 {C18: French: 3 Nc3 Bb4: Main line: 7 h4 and 7 Qg4} (10. Ne2 Nbc6 11. f4 dxc3 12. Nxc3 Nd4 13. Bb2 Bd7 14. O-O-O Qb6 15. Qd3 Ndf5 16. Rd2 Rc8 17. g3 Ne3 18. Ne4 Rxc2+ 19. Rxc2 dxe4 20. Qxe4 Nxc2 21. Qxc2 {½-½ (31) Giri,A (2752)-Carlsen,M (2834) Wijk aan Zee 2018}) 10... Qxe5+ 11. Ne2 $1 dxc3 12. Qxc3 Nbc6 13. Qxe5 Nxe5 14. Ng3 f6 15. Nh5 Kf7 16. Bb2 $1 Nd7 17. O-O-O a6 (17... b6 $14) 18. Be2 e5 19. Rhg1 b5 20. f4 Bb7 21. g4 d4 22. Rdf1 {[#] And now fxe5 would win.} Ke6 23. g5 Be4 {Black wants to play ...Rac8.} 24. gxf6 (24. Ng3 $16 Bh7 25. gxf6 Kxf6 {[#]} 26. Bg4 $1 {[%mdl 512]} (26. fxe5+ Ke6 $16) 26... Rxg4 27. Nh5+ {[%mdl 64] Discovered Attack} Ke6 28. Rxg4) 24... Rxg1 $11 25. Rxg1 Nxf6 26. Rg5 Nf5 {Strongly threatening ...Rc8.} 27. Rg6 Rf8 28. fxe5 Kxe5 {aiming for ...Rc8.} 29. Nxf6 Rxf6 30. Rxf6 Kxf6 {[%mdl 4096] Endgame KBB-KBN} 31. a4 bxa4 {The position is equal.} 32. Bxa6 Ke5 33. Bb5 Nh4 34. Bxa4 Nf3 35. Bb5 Nxh2 36. Be2 Nf3 37. Bxf3 {Accuracy: White = 76%, Black = 67%.} 1/2-1/2

[Event "Josef Kupper Memorial 2019"]
[Site "Zurich"]
[Date "2019.08.15"]
[Round "2.6"]
[White "Krishna C R G"]
[Black "Bluebaum, Matthias"]
[Result "0-1"]
[WhiteElo "2444"]
[BlackElo "2619"]
[Annotator "TA"]
[PlyCount "66"]
[EventDate "2019.08.14"]
[EventType "swiss"]
[EventCountry "SUI"]
[SourceTitle "playchess.com"]
[Source "ChessBase"]
[SourceQuality "1"]

{[%evp 9,66,0,28,14,20,8,19,17,18,25,24,25,29,4,24,8,15,27,13,1,12,3,28,0,0,-5,-6,-19,-19,-44,-14,-38,-16,-26,-17,-54,-52,-173,-172,-170,-116,-120,-124,-124,-123,-180,-191,-193,-189,-276,-266,-319,-277,-318,-284,-442,-443,-541,-520]} 1. d4 Nf6 2. c4 e6 3. g3 d5 4. Nf3 Bb4+ 5. Bd2 Bd6 (5... Be7 6. Bg2 O-O 7. O-O Nbd7 8. Qc2 c6 9. Rc1 b6 10. cxd5 cxd5 11. Qd1 Bb7 12. a3 a6 13. Bf4 Rc8 14. Nbd2 Rxc1 15. Rxc1 Qa8 16. Ne5 Nxe5 17. Bxe5 {½-½ (41) Mamedyarov,S (2790)-Radjabov,T (2756) Shamkir 2019}) 6. Nc3 {E01: Catalan: Early deviations} O-O 7. Bg5 c6 8. Bg2 {The position is equal.} h6 9. Bxf6 Qxf6 10. O-O Qd8 11. e3 Nd7 12. Nd2 $146 ({Predecessor:} 12. Rc1 f5 {0-1 (43) Karthik,K (2295)-Vocaturo,D (2617) Abu Dhabi 2018}) 12... f5 13. Rb1 Qe7 14. a3 a5 15. Qc2 Kh8 16. Ne2 g5 17. Rfe1 b5 18. cxb5 cxb5 19. Rec1 Ba6 20. Nb3 a4 21. Na5 Nb8 $36 {[%mdl 2048] [#] Threatens to win with ...b4. Black is more active.} 22. Qd2 b4 {White must now prevent ...Bxe2.} 23. Nc6 ({White must play} 23. Nc4 $1 $15) 23... Nxc6 $19 24. Rxc6 Bb7 ({Don't play} 24... bxa3 25. bxa3 Rfc8 26. Rxc8+ Bxc8 27. Qc1 $15) ({Better is} 24... Qd7 $19 25. Rc2 bxa3 26. bxa3 Bxa3) 25. Rc2 bxa3 26. bxa3 Bxa3 27. h4 (27. Nc1 $17 {is a better defense.}) 27... Bd6 ({Don't take} 27... gxh4 28. e4 $17) 28. hxg5 hxg5 29. f4 (29. Nc3 {was worth a try.}) 29... g4 30. Kf2 Kg7 31. Nc3 a3 32. Na2 (32. Nb5 {was called for.} Ba6 33. Nxd6 Qxd6 34. Qc1) 32... Ba6 33. Rc6 {and if Rbb6 works, White does fine.} Rfb8 {Accuracy: White = 27%, Black = 62%.} 0-1

[Event "Josef Kupper Memorial 2019"]
[Site "Zurich"]
[Date "2019.08.15"]
[Round "2.13"]
[White "Epishin, Vladimir"]
[Black "Heinemann, Josefine"]
[Result "1-0"]
[WhiteElo "2553"]
[BlackElo "2255"]
[Annotator "TA"]
[PlyCount "63"]
[EventDate "2019.08.14"]
[EventType "swiss"]
[EventCountry "SUI"]
[SourceTitle "playchess.com"]
[Source "ChessBase"]
[SourceQuality "1"]

{[%evp 14,62,23,17,36,8,12,6,17,17,45,45,86,96,101,84,102,111,98,113,214,204,235,170,147,103,303,245,254,261,245,260,274,262,231,236,1050,1085,1114,1098,29988,29989,29989,29990,29990,29991,29995,29996,29996,29997,29999]} 1. c4 g6 2. Nf3 Bg7 3. Nc3 c5 4. e3 Nf6 5. d4 cxd4 6. exd4 d5 7. Bg5 dxc4 8. Bxc4 O-O {B14: Caro-Kann: Panov-Botvinnik Attack with 5...e6 and 5...g6} 9. h3 (9. O-O Nbd7 10. Re1 Nb6 11. Bb3 h6 12. Bf4 Nbd5 13. Be5 Be6 14. Qd2 Rc8 15. Bxf6 exf6 16. Ne4 b6 17. Rac1 {1-0 (46) Miljkovic,M (2524)-Roganovic,M (2524) Belgrade 2014}) 9... a6 10. a4 Nc6 {The position is equal.} 11. O-O b6 12. d5 Nb4 13. Qb3 $146 {[%mdl 2048] White has strong initiative.} ({Predecessor:} 13. Qd2 a5 14. Rad1 Ne8 15. Rfe1 Ra7 16. Nb5 Rb7 17. Qe2 {1-0 (28) Van Baarle,J-Hodgson,J London 1979}) 13... a5 14. Rfe1 Ba6 15. Bxa6 Rxa6 16. Rad1 Ra7 {[#]} (16... Ra8 $16) 17. Ne5 $1 $18 Ra8 {[#]} 18. d6 $1 {[%mdl 512]} exd6 19. Ne4 Qc7 $2 (19... d5 $16) 20. Nxg6 {Black must now prevent Ne7+!} ({Less strong is} 20. Bxf6 dxe5 21. Qg3 Rae8 $14) ({Weaker is} 20. Nxf6+ Bxf6 21. Bxf6 dxe5 $16) 20... Nxe4 21. Ne7+ Kh8 22. Rxe4 d5 23. Nxd5 Nxd5 24. Qxd5 f5 $2 (24... Rae8 25. Rxe8 Rxe8) 25. Re7 Qc2 {[#]} 26. Rxg7 $1 {[%mdl 512] Threatening mate with Rg8+!} Kxg7 27. Qe5+ {White mates.} Kg8 28. Rd7 {[%csl Gd7][%cal Re5g7]} Rf7 29. Rxf7 Kxf7 30. Qf6+ {[%mdl 64] Double Attack} Kg8 31. Qe6+ Kf8 32. Bh6# {Accuracy: White = 84%, Black = 35%.} 1-0

[Event "Josef Kupper Memorial 2019"]
[Site "Zurich"]
[Date "2019.08.15"]
[Round "2.14"]
[White "Doric, Nenad"]
[Black "Puranik, Abhimanyu"]
[Result "1/2-1/2"]
[WhiteElo "2275"]
[BlackElo "2550"]
[Annotator "TA"]
[PlyCount "109"]
[EventDate "2019.08.14"]
[EventType "swiss"]
[EventCountry "SUI"]
[SourceTitle "playchess.com"]
[Source "ChessBase"]
[SourceQuality "1"]

{[%evp 12,109,35,35,32,29,34,39,25,32,39,36,59,46,55,54,51,14,77,63,58,69,131,58,60,67,68,59,64,65,66,65,64,60,88,56,70,41,41,38,36,44,60,58,51,30,52,18,18,18,22,12,27,30,32,10,12,8,8,8,12,10,25,0,7,0,6,0,0,0,-1,-8,0,-17,0,0,0,0,0,0,0,0,0,0,90,0,0,0,0,0,0,0,0,0,0,0,0,0,0,-4]} 1. e4 e6 2. d4 d5 3. Nd2 c5 4. exd5 exd5 5. Ngf3 a6 6. Be2 Nc6 7. O-O cxd4 {C08: French Tarrasch: 3...c5 4 exd5 exd5 sidelines} (7... Bd6 8. dxc5 Bxc5 9. Nb3 Bb6 10. c4 Nge7 11. c5 Bc7 12. Bd3 h6 13. h3 O-O 14. Re1 Bf5 15. Nfd4 Be4 {½-½ (55) Mamedov,R (2688)-Nyzhnyk,I (2613) chess.com INT 2017}) 8. Nb3 Nf6 9. Re1 Be7 {White is slightly better.} 10. Nbxd4 O-O 11. c3 Qb6 $146 ({Predecessor:} 11... Bc5 12. h3 Re8 13. Be3 Ne4 14. Qd3 Qf6 15. Rad1 Qg6 {½-½ (35) Richterova,N (2172)-Aliyev,R (2346) Prague 2017}) 12. Qb3 Qc7 13. Bg5 Be6 14. Bd3 Qd7 (14... Nxd4 $11 {keeps the balance.} 15. cxd4 (15. Nxd4 Ng4 $11) 15... Rac8) 15. Qc2 h6 16. Bh4 Rae8 ({Black should try} 16... Bd8 $14) 17. Nxc6 (17. Nxe6 $16 fxe6 18. Bg6) 17... Qxc6 $14 18. Nd4 Qd7 19. Nxe6 fxe6 20. Bg6 Rc8 21. Qe2 Rc6 22. Rad1 Qc8 23. Bg3 (23. Rd3 {is interesting.} Bc5 24. Rf3 Nd7 25. a4 Rxf3 26. Qxf3 Nf8 27. Bf7+) 23... Bd6 24. Qxe6+ (24. Bxd6 {with more complications.} Rxd6 25. c4 Rfd8 26. cxd5 Rxd5 27. Rxd5 Rxd5 28. g3) 24... Qxe6 25. Rxe6 Bxg3 26. Rxc6 {[#] Hoping for Re6.} Bxh2+ 27. Kxh2 bxc6 {[%mdl 4096] Endgame KRB-KRN} 28. f3 Rb8 29. Rd2 Kf8 30. Re2 a5 31. b3 Ng8 32. Kg3 Ne7 33. Bc2 Kf7 34. f4 c5 35. Kf3 Rb6 36. g4 Rf6 37. f5 Rd6 38. Kf4 Kf6 39. a3 d4 40. cxd4 Nd5+ 41. Kf3 cxd4 42. Bd3 Ne3 43. b4 axb4 44. axb4 Kg5 45. b5 Rd7 46. b6 {Rb2 is the strong threat.} Rb7 47. Rb2 Nxg4 {[#]} (47... Nd5 $11 {remains equal.}) 48. Ke4 (48. Ba6 $1 $16 {[%cal Ra6b7]} Rb8 49. f6 Nxf6 50. Rb5+ Kg6 51. b7) 48... Nf6+ $1 $11 {The position is equal.} 49. Kxd4 {aiming for Ba6.} Nd7 $1 50. Rg2+ Kf6 51. Rg6+ Kf7 52. Bc4+ Kf8 53. Be6 {Strongly threatening Bxd7.} Nxb6 54. f6 Rc7 55. Ke4 {Accuracy: White = 51%, Black = 70%.} 1/2-1/2

[Event "Josef Kupper Memorial 2019"]
[Site "Zurich"]
[Date "2019.08.15"]
[Round "2.15"]
[White "Theodorou, Nikolas"]
[Black "Chennaoui, Yasin"]
[Result "1/2-1/2"]
[WhiteElo "2548"]
[BlackElo "2092"]
[Annotator "TA"]
[PlyCount "192"]
[EventDate "2019.08.14"]
[EventType "swiss"]
[EventCountry "SUI"]
[SourceTitle "playchess.com"]
[Source "ChessBase"]
[SourceQuality "1"]

{[%evp 16,192,62,0,22,10,21,10,15,-15,41,-16,13,-26,-29,-60,-28,-54,-52,-31,-41,-29,0,-62,-35,-39,-39,-41,-37,-68,-60,-95,-99,-75,-34,-46,-40,-22,0,0,0,0,0,0,25,27,27,24,20,0,0,0,12,4,19,0,0,0,0,0,0,0,0,0,0,0,0,0,0,0,0,0,0,0,0,0,0,0,0,0,0,0,0,0,0,0,0,0,0,0,0,0,0,0,0,0,9,0,0,0,0,0,0,0,0,0,0,0,0,0,0,0,0,0,0,0,0,0,0,0,0,0,0,0,0,0,0,0,0,0,0,0,0,0,0,0,0,0,0,0,0,0,0,0,0,0,0,0,0,0,0,0,0,0,0,0,0,0,0,0,0,0,0,0,0,0,0,0,0,0,0,0,0,0,0,0,0,0,0]} 1. d4 d6 2. Nf3 Nf6 3. g3 Nbd7 4. Bg2 e5 5. O-O Be7 6. c4 O-O 7. Nc3 c6 8. e4 a6 9. d5 ({White should play} 9. a4 $14) 9... Nc5 {A55: Old Indian Defence with Nf3 and e4} 10. Re1 $146 ({Predecessor:} 10. Ne1 cxd5 11. cxd5 b5 12. b4 Ncd7 13. a4 bxa4 14. Nxa4 Nb6 15. Nb2 Bd7 16. Nc2 Bb5 17. Re1 {½-½ (66) Hillarp Persson,T (2558)-Ask,J (2164) Vaxjo 2019}) 10... a5 11. b3 cxd5 12. cxd5 Bd7 (12... b5 $11) 13. Ba3 ({Better is} 13. Nxe5 $14 dxe5 14. d6) 13... Qb6 14. h3 Rfc8 15. Rc1 Qa6 16. Bf1 b5 17. b4 axb4 18. Bxb4 Bd8 19. Nd2 (19. a4 $11) 19... Ba5 20. a3 Bxb4 21. axb4 Na4 22. Re3 Nxc3 23. Rexc3 Rxc3 24. Rxc3 Qa1 25. Qxa1 $1 Rxa1 26. f3 Ra2 27. Nb1 Rb2 28. Na3 Rxb4 {[#]} 29. Bxb5 $1 {[%mdl 512]} Kf8 ({But not} 29... Bxb5 $2 30. Nxb5 Kf8 31. Nxd6 $18) ({Much weaker is} 29... Bxh3 $6 30. Kh2 $16) (29... Rxb5 30. Nxb5) 30. Bxd7 Nxd7 $11 {[%mdl 4096] Endgame KRN-KRN} 31. Nc4 Ke7 32. Na5 {Nc6+ is the strong threat.The position is equal.} Rb1+ 33. Kf2 Rb2+ 34. Ke3 Nc5 (34... Ra2 $5 {[%cal Ra2a5]} 35. Nc6+ Kf6 $11) 35. Nc4 (35. Nc6+ {seems wilder.} Kf6 36. h4 h5 37. Ra3 Rb7 38. Ra8) 35... Rb3 36. Rxb3 Nxb3 {KN-KN} 37. f4 f6 38. f5 Kd7 39. g4 Ke7 40. h4 h6 41. Nb2 Kd7 42. Nd3 Kc7 43. Nf2 Kd7 44. Nh1 Ke7 45. Ng3 Nc5 46. Ne2 Kd7 47. Ng1 Ke7 48. Nh3 Nd7 49. Nf2 Nc5 50. Nd3 {[#] Black must now prevent Nxc5.} Nb3 51. Nb4 Nc5 52. Nc6+ Kd7 53. Na7 Kc7 54. Kf3 Kd7 55. Nb5 Nb3 56. g5 hxg5 57. hxg5 fxg5 {Threatens to win with ...Nd4+.} 58. Kg4 Nd2 59. Nc3 Ke7 60. Kxg5 {Hoping for Kg6.} Kf7 $1 61. Kg4 Kf6 62. Kh5 Kf7 63. Kg5 Nf3+ 64. Kg4 Nd2 65. Kg3 Kf6 {And now ...Kg5 would win.} 66. Kf2 Ke7 67. Ke2 Nb3 68. Ke3 Nc5 69. Nb5 Kd7 70. Kf3 Nd3 71. Ke2 Nc1+ 72. Ke3 Nb3 73. Na3 Ke7 74. Nc4 Kd7 75. Ke2 Nc5 76. Kf3 Ke7 77. Ke3 Kd7 78. Nd2 Ke7 79. Nf3 Kf6 80. Nh4 $1 Kf7 81. Ng6 Nd7 82. Nh4 Nc5 83. Kf3 Nd7 84. Ng2 Nf6 85. Ne3 g6 86. Nc4 Ne8 87. fxg6+ Kxg6 88. Kg4 Nf6+ 89. Kf3 Ne8 90. Kg2 Kg5 {Strongly threatening ...Kf4.} 91. Kg3 Kh5 92. Ne3 Nf6 93. Kf3 Kg5 94. Nf5 Nxd5 95. Nxd6 Nc3 96. Nf7+ Kf6 {Accuracy: White = 63%, Black = 76%.} 1/2-1/2

[Event "Josef Kupper Memorial 2019"]
[Site "Zurich"]
[Date "2019.08.15"]
[Round "2.16"]
[White "Habibi, Ali"]
[Black "Pavlovic, Milos"]
[Result "1/2-1/2"]
[WhiteElo "2186"]
[BlackElo "2502"]
[Annotator "TA"]
[PlyCount "97"]
[EventDate "2019.08.14"]
[EventType "swiss"]
[EventCountry "SUI"]
[SourceTitle "playchess.com"]
[Source "ChessBase"]
[SourceQuality "1"]

{[%evp 9,97,0,0,-4,-13,-6,-5,-8,-3,-32,-33,-32,-16,-21,-8,-17,-9,-11,-4,-32,-8,-15,0,-9,-3,0,0,-21,-34,-38,-21,-25,-21,-24,-20,-33,-41,-46,-29,-47,-21,-97,-97,-102,-87,-102,-97,-93,-93,-95,-87,-90,-84,-115,-62,-68,-70,-66,-62,-133,-75,-80,-79,-97,-76,-98,-84,-87,-97,-91,-95,-120,-96,-99,-85,-118,-93,-98,-55,-85,-79,-72,-70,-70,-22,-13,-10,-33,0,0]} 1. c4 c6 2. Nf3 d5 3. Qc2 Nf6 4. d3 (4. e3 g6 5. b3 Bg7 6. Bb2 O-O 7. Be2 Na6 8. a3 Nc5 9. d3 Bf5 10. cxd5 Qxd5 11. e4 Qxb3 12. Qxb3 Nxb3 13. exf5 Nxa1 14. Bxa1 gxf5 {½-½ (53) Agrest,E (2596)-Stefansson,H (2602) Berlin 2015}) 4... Bg4 5. Nbd2 e6 $146 ({Predecessor:} 5... Nbd7 6. h3 Bh5 7. g3 e6 8. Bg2 Bd6 9. O-O O-O 10. b3 a5 11. Bb2 Qb8 {½-½ (57) Holzmann,H (2127)-Niederwieser,P (2188) Linz 2011}) 6. g3 {A11: English Opening: 1...c6} Bd6 7. Bg2 O-O 8. O-O e5 9. e4 dxe4 10. dxe4 c5 11. Nb1 h6 12. Nc3 Nc6 13. b3 a6 14. Bb2 Rc8 15. h3 Bd7 16. Rad1 Nd4 17. Qd3 Qa5 18. Kh2 b5 19. Nd2 Qc7 20. Rfe1 Rb8 21. Rb1 Rfc8 22. Rec1 Qd8 23. Qe3 Be6 24. Bf1 h5 25. f3 {[#]} (25. Nd5 $11 {remains equal.}) 25... h4 $1 $17 {[%mdl 512] White must now prevent ...hxg3+.} 26. g4 (26. gxh4 Nh7) 26... Be7 27. Rd1 Nh7 {Hoping for ...Bg5.} 28. Nd5 Bg5 29. Qf2 Nf8 30. f4 Bxd5 31. fxg5 Be6 (31... Bc6 $17 32. Qxh4 Nfe6) 32. Qxh4 $15 Ng6 33. Qg3 $1 Qxg5 34. Bxd4 (34. Nf3 $1 $15 Qd8 35. Bxd4 (35. cxb5 axb5 36. Bg2 Nxf3+ 37. Qxf3 Qa5 $17) 35... exd4 36. cxb5 axb5 37. Rb2) 34... exd4 (34... cxd4 $142 35. Rbc1 bxc4 36. Bxc4 Bxc4 37. Rxc4 Nf4) 35. Nf3 Qe7 36. Bd3 Rb6 37. e5 bxc4 38. bxc4 Rcb8 39. Rxb6 Rxb6 40. Rd2 Rb4 41. Rc2 Nf8 42. Qf4 Qb7 43. Kg3 Rb2 {[#] Threatens to win with ...Rxc2.} (43... Ra4 {feels hotter.} 44. Qc1 Qc7 45. Rb2 Nd7 46. Kg2 Ra3) 44. Qd2 Rxc2 45. Qxc2 Qb8 46. Kf2 g6 47. Qd2 Nd7 48. Qg5 $1 Nf8 49. Qd2 {Accuracy: White = 46%, Black = 62%.} 1/2-1/2

[Event "Josef Kupper Memorial 2019"]
[Site "Zurich"]
[Date "2019.08.15"]
[Round "3.1"]
[White "Donchenko, Alexander"]
[Black "Maghsoodloo, Parham"]
[Result "1/2-1/2"]
[WhiteElo "2618"]
[BlackElo "2656"]
[Annotator "TA"]
[PlyCount "43"]
[EventDate "2019.08.14"]
[EventType "swiss"]
[EventCountry "SUI"]
[SourceTitle "playchess.com"]
[Source "ChessBase"]
[SourceQuality "1"]

{[%evp 9,43,10,16,0,17,2,16,16,28,26,34,35,30,31,41,48,45,0,0,0,0,-15,0,-7,-24,-17,-4,0,29,26,46,50,50,43,40,0]} 1. d4 Nf6 2. c4 e6 3. Nc3 Bb4 4. Qc2 d6 5. Bd2 O-O 6. a3 {E32: Nimzo-Indian: Classical (4 Qc2): 4...0-0} Bxc3 $1 7. Bxc3 Re8 8. Nf3 {The position is equal.} Nbd7 9. e3 e5 10. dxe5 dxe5 11. Be2 Qe7 12. Nd2 a5 $146 ({Predecessor:} 12... Nf8 13. Ne4 Bf5 14. Bd3 Nxe4 15. Bxe4 Bxe4 16. Qxe4 {½-½ (43) Gonda,L (2490)-Ivanisevic,I (2641) Hungary 2016}) 13. g4 (13. O-O $14) 13... Nc5 $11 14. g5 Nfd7 $1 15. h4 b6 16. O-O-O Bb7 17. Rhg1 Bc6 18. b3 e4 19. Qb2 Ne5 20. Bxe5 {White is slightly better.} Qxe5 21. Qxe5 Rxe5 22. Kb2 {Accuracy: White = 75%, Black = 27%.} (22. b4 $5 {[%cal Rb4c5]} Nd3+ 23. Bxd3 exd3 24. b5 $11) 1/2-1/2